Život po arabsky

Autorka nás zavedie do zákulisia arabskej rodiny, priblíži nám spoločenské pravidlá, náboženské sviatky a rodinné rituály. Podelí sa s nami o svoje zážitky, skúsenosti a pri rozprávaní pocítime dotyk exotickej arabskej reality

Bibliographic Details
Main Author: Khidayer, Emíre, 1971- (Author)
Other Authors: Dolanská, Jana (Narrator)
Format: CD Audio
Language:Slovak
PhysicalDescription:1 elektronický optický disk (CD-ROM) digitál., mono., MP3 12 cm
Published: Levoča SKN 2012
ISBN:9788018002889 (CDROM)
Subjects:

MARC

LEADER 00000cim a2200000 a 4500
001 vtls010335129
003 SK-MaSNL
005 20260302082419.0
007 sd fmngnnmmned
008 120116s2012 xo nnnnfs z n slo
015 |a SNBJ2013 
020 |a 9788018002889 (CDROM) 
040 |a SNK  |b slo  |c SNK  |e AACR2 
041 0 |a slo 
043 |a ma----- 
044 |a xo  |c SK 
072 7 |a 316.3  |x Globálne spoločnosti. Sociálna štruktúra. Sociálne skupiny  |2 konspekt 
072 7 |a 316.7  |x Sociológia kultúry. Kultúrny život  |2 konspekt 
080 |a 316.72/.75  |2 2001 
080 |a 930.85  |2 2001 
080 |a (5-15)  |2 2001 
080 |a (6-17)  |2 2001 
080 |a (=411.21)  |2 2001 
080 |a 2-67  |2 2001 
080 |a (035)  |2 2001 
080 |a (086.76)  |2 2001 
100 1 |a Khidayer, Emíre,  |d 1971-  |4 aut  |9 325680 
245 1 0 |a Život po arabsky  |h elektronický zdroj  |c autor: Khidayer, Emíre ; číta: Jana Dolanská 
260 |a Levoča  |b SKN  |c 2012 
300 |a 1 elektronický optický disk (CD-ROM)  |b digitál., mono., MP3  |c 12 cm 
306 |a 120000 
520 8 |a Autorka nás zavedie do zákulisia arabskej rodiny, priblíži nám spoločenské pravidlá, náboženské sviatky a rodinné rituály. Podelí sa s nami o svoje zážitky, skúsenosti a pri rozprávaní pocítime dotyk exotickej arabskej reality 
521 |a Pre nevidiacich a slabozrakých 
650 0 7 |a kultúra a spoločnosť  |2 SNKPH  |9 4083 
650 0 7 |a náboženstvo a spoločnosť  |2 SNKPH  |9 4228 
650 0 7 |a Arabi  |2 SNKPH  |9 83118 
650 0 7 |a kultúrne dejiny  |2 SNKPH  |9 4307 
655 7 |a zvukové záznamy  |2 SNKPH  |9 70720 
655 7 |a príručky  |2 SNKPH  |9 74364 
655 7 |a CD-ROM  |2 SNKPH  |9 70236 
700 1 |a Dolanská, Jana  |4 nrt  |9 325684 
710 2 |a Slovenská knižnica pre nevidiacich Mateja Hrebendu v Levoči  |4 pbl  |9 249391 
919 |a 978-80-18-00288-9 
958 |a SX 
999 |c 1179968  |d 1181898 
952 |a SNK  |b SNK  |y PREZ  |7 0  |p 17A0878100  |o snkSCDM 4456  |i snk2012/4170  |8 0  |0 0  |1 0  |4 0  |d 2012-02-16  |l 0  |r 2026-02-24 21:35:19  |w 2026-02-24